000
00342nam a2200145Ia 4500
008
221030s9999 xx 000 0 und d
041
_a
English
082
_a
105.23
_b
Gup
100
_a
S. K. Gupta
245
0
_a
Modern`s ABC of Physics Vol II
260
_b
Modern Pub.
_a
New Delhi
_c
1993
300
_a
921
650
_a
Physics
942
_c
BK
999
_c
1070
_d
1070